Důstojnost člověka ve stáří : bakalářská práce / Alžběta Pospíšilová ; vedoucí práce René Milfait ; oponent práce Martin Stolín
Record details
- Physical Description: [60] l.
- Publisher: Praha : Univerzita Karlova v Praze, 2012
Content descriptions
| General Note: | Datum obhajoby: 30-01-2012 |
| Dissertation Note: | Bakalářská práce (Bc.)--Univerzita Karlova. Evangelická teologická fakulta, 2012 |
| Study Program Information Note: | Pastorační a sociální práce Sociální práce |
| Awards Note: | Výsledné hodnocení: Výborně |
Search for related items by subject
| Subject: | důstojnost lidská důstojnost stáří senioři |
| Genre: | bakalářské práce |
Available copies
- 1 of 1 copy available at Common Catalog SPOK.
Holds
- 0 current holds with 1 total copy.
Show Only Available Copies
| Location | Call Number / Copy Notes | Barcode | Shelving Location | Status | Due Date |
|---|---|---|---|---|---|
| Jabok Library | ABP-1783 | 424480026390 | Absolventské práce | Reference | - |
Electronic resources
Version of Resource: Zobrazení plného textu (Digitální archiv UK)
| LDR | 01550ntm a22003737a 4500 | ||
|---|---|---|---|
| 001 | 16520 | ||
| 003 | CZ-PrJAB | ||
| 005 | 20201026091852.0 | ||
| 008 | 120220s2012 xr |||||r|||||||||||cze|d | ||
| 035 | . | ‡a(CONS)16520 | |
| 035 | . | ‡a(CZ PrCU)001428394 | |
| 040 | . | ‡aABD162 ‡bcze ‡dABD027 | |
| 100 | 1 | . | ‡aPospíšilová, Alžběta ‡4dis |
| 245 | 1 | 0. | ‡aDůstojnost člověka ve stáří : ‡bbakalářská práce / ‡cAlžběta Pospíšilová ; vedoucí práce René Milfait ; oponent práce Martin Stolín |
| 246 | 3 | 3. | ‡aThe Dignity of Man in the Old Age |
| 260 | . | ‡aPraha : ‡bUniverzita Karlova v Praze, ‡c2012 | |
| 300 | . | ‡a[60] l. | |
| 500 | . | ‡aDatum obhajoby: 30-01-2012 | |
| 502 | . | ‡aBakalářská práce (Bc.)--Univerzita Karlova. Evangelická teologická fakulta, 2012 | |
| 526 | 8 | . | ‡aPastorační a sociální práce |
| 526 | 8 | 1. | ‡aSociální práce |
| 586 | . | ‡aVýsledné hodnocení: Výborně | |
| 650 | 0 | 7. | ‡adůstojnost ‡7ph200856 ‡2czenas |
| 650 | 0 | 7. | ‡alidská důstojnost ‡7ph122329 ‡2czenas |
| 650 | 0 | 7. | ‡astáří ‡7ph126204 ‡2czenas |
| 650 | 0 | 7. | ‡asenioři ‡7ph117267 ‡2czenas |
| 655 | 7. | ‡abakalářské práce ‡7fd132403 ‡2czenas | |
| 700 | 1 | . | ‡aMilfait, René, ‡d1966- ‡7jx20080207028 ‡4ths |
| 700 | 1 | . | ‡aStolín, Martin ‡7xx0142463 ‡4opn |
| 710 | 2 | . | ‡aUniverzita Karlova. ‡bEvangelická teologická fakulta ‡7kn20010710335 |
| 710 | 2 | . | ‡aJabok - Vyšší odborná škola sociálně pedagogická a teologická ‡7kn20020502016 |
| 850 | . | ‡aETF | |
| 856 | 4 | 1. | ‡uhttps://is.cuni.cz/webapps/zzp/detail/118781/ ‡yZobrazení plného textu (Digitální archiv UK) |
| 910 | . | ‡aABG312 | |
| 901 | . | ‡a16520 ‡bCZ-PrJAB ‡c16520 ‡tbiblio | |